LEADER 01530nam a2200313 u 4500 001 000000073162 003 CaOOAMICUS 005 20070226122324.0 008 020626s1957 bl af u000 u fre u 035 $a10935027 040 $aPUL(R)$bita 100 1 $aComte, Auguste,$d1798-1857.$0(OLS)http://pul/name/9953 245 10$aCatéchisme positiviste, ou Sommaire exposition de la religion universelle ... /$cpar Auguste Comte. 246 30$aSommaire exposition de la religion universelle 260 $aRio de Janeiro :$bApostolat Postitiviste,$c1957. 300 $a553 p., [1] c,. di tav. :$bant. (ill.) ;$c18 cm 490 1 $aApostolat positiviste du Brésil ;$v99 a 500 $aContiene indici. 500 $aEdition commémorative du centenaire de la mort d'August Comte 1857 5 septembre 1957. 650 4$aPositivismo.$0(OLS)http://pul/subject/6742 650 4$aFilosofia e religione.$0(OLS)http://pul/subject/2646 830 0$aApostolat positiviste du Brésil ;$v99 a.$0(OLS)http://pul/title/96193 850 $aPUL 852 $aPUL$W1$xSL Filosofia 1$y2$m89 H 20$j94578$nBK-PRI$b $qStampati$B94578$CPULBib$Z2$F94578 $H $81 941 1 $a8 961 $aINV: 40711 996 $6245$aCatéchisme positiviste, ou Sommaire exposition de la religion universelle ...$9(OLS)http://pul/title/96191 996 $6246$aSommaire exposition de la religion universelle$9(OLS)http://pul/title/96192 996 $6260$aRio de Janeiro :$bApostolat Postitiviste$9(OLS)http://pul/publisher/74267 LEADER 00885nam a2200217 u 4500 001 000000085871 003 CaOOAMICUS 005 20070226124232.0 008 050923s1881 it u000 u ita u 035 $a11059540 040 $aPUL(R)$bita 100 1 $aTrojani, Enrico,$csac.$0(OLS)http://pul/name/56274 245 10$aSalterio mariano in terza rima /$ccon argomenti e note per Enrico Trojani. 260 $aNarni :$bTip. Umbro-sabina,$c1881. 300 $axii, 344 p. ;$c25 cm 600 04$aMaria Virgo,$cs.$xPreghiere.$0(OLS)http://pul/subject/22006 850 $aPUL 852 $aPUL$W1$xDP1 Fondo Cecchetti$y53$m285 E 5$j109069$nBK-PRI$b $qFondi$B109069$CPULBib$Z2$F109069 $HPUL8091 $81 941 1 $a1 996 $6245$aSalterio mariano in terza rima$9(OLS)http://pul/title/111341 996 $6260$aNarni :$bTip. Umbro-sabina$9(OLS)http://pul/publisher/77305